| 000 | 01701nam a2200241Ia 4500 | ||
|---|---|---|---|
| 008 | 260220t1999||||xx |||||||||||||| ||spa|| | ||
| 040 |
_aPY-SlUNAC _bspa _erda |
||
| 041 | _aspa | ||
| 082 |
_a658.42 _bD84g |
||
| 100 |
_aDrucker, Peter _eAutor |
||
| 245 | 0 |
_aLa gerencia de empresa / _cpor Peter Drucker [Autor] |
|
| 264 |
_aBuenos Aires : _bSudamericana, _c℗1999. |
||
| 300 | _a1 volumen | ||
| 520 | _aEn "La gerencia de empresa", Peter Drucker presenta un análisis exhaustivo sobre los principios fundamentales de la gestión empresarial y su importancia en el contexto contemporáneo. A lo largo del texto, Drucker enfatiza la necesidad de una dirección efectiva que no solo busque la rentabilidad, sino que también se enfoque en el bienestar de los empleados y la comunidad. Propone que los gerentes deben ser innovadores y adaptarse a un entorno cambiante, resaltando la importancia de la planificación y la toma de decisiones fundamentadas. Además, explora conceptos clave como la productividad, la estrategia y la cultura organizacional, argumentando que la gerencia debe ser entendida como una función esencial que trasciende las jerarquías y se integra en todos los niveles de la organización. Drucker también aborda el impacto de la tecnología y la globalización en las empresas, sugiriendo que la capacidad de anticiparse a los cambios es crucial para el éxito y la sostenibilidad a largo plazo. | ||
| 653 | _aAdministración | ||
| 653 | _aGestión empresarial | ||
| 653 | _aTeoría organizacional | ||
| 942 |
_b2026/02/17 _cBK |
||
| 999 |
_c8790 _d8790 |
||